000
00376nam a2200145Ia 4500
008
231129s2000||||xx |||||||||||||| ||spa||
020
_a
968-444-462-1
040
_b
spa
082
_a
786.76 U55m
100
_a
Underhill Rod
245
0
_a
MP3: Música en Internet
260
_c
2000
264
_a
Pearson Educación
942
_2
ddc
_c
BKS
999
_c
21430
_d
21430